Central Library OPAC University of Rajshahi

Man on his nature / (Record no. 11804)

MARC details
000 -LEADER
fixed length control field 01020cam a2200325 a 4500
001 - CONTROL NUMBER
control field 11804
003 - CONTROL NUMBER IDENTIFIER
rucl marc code BD-RjUL
005 - DATE AND TIME OF LATEST TRANSACTION
control field 20211208235202.0
008 - FIXED-LENGTH DATA ELEMENTS--GENERAL INFORMATION
fixed length control field 140127r19631951enkac b 001 0 eng
035 ## - SYSTEM CONTROL NUMBER
System control number (BD-RjUL)11853
040 ## - CATALOGING SOURCE
Original cataloging agency BD-RjUL
Language of cataloging eng
Transcribing agency BD-RjUL
Modifying agency BD-RjUL
041 ## - LANGUAGE CODE
Language code of text/sound track or separate title eng
082 04 - DEWEY DECIMAL CLASSIFICATION NUMBER
Edition number 16
Classification number 576.8
Author mark and year SHM 1963
090 ## - LOCALLY ASSIGNED LC-TYPE CALL NUMBER (OCLC); LOCAL CALL NUMBER (OCLC)
Classification number (OCLC) (R) ; Classification number, CALL (RLIN) (NR) QH349
Local cutter number (OCLC) ; Book number/undivided call number, CALL (RLIN) .S5 1975
100 1# - MAIN ENTRY--PERSONAL NAME
Personal name Sherrington, Charles Scott,
Dates associated with a name 1857-1952.
9 (RLIN) 36560
245 10 - TITLE STATEMENT
Title Man on his nature /
Statement of responsibility, etc. by Sir Charles Sherrington.
250 ## - EDITION STATEMENT
Edition statement 2nd ed.
260 ## - PUBLICATION, DISTRIBUTION, ETC. (IMPRINT)
Place of publication, distribution, etc. Cambridge :
Name of publisher, distributor, etc. Cambridge University Press,
Date of publication, distribution, etc. 1951 [reprinted 1963].
300 ## - PHYSICAL DESCRIPTION
Pagination 300 p. :
Illustrations ill. ;
Size 22 cm.
490 1# - SERIES STATEMENT
Series statement Gifford lectures ;
Volume/sequential designation 1937-8
500 ## - GENERAL NOTE
General note Previous ed.: 1940.
504 ## - BIBLIOGRAPHY, ETC. NOTE
Bibliography, etc Includes bibliographical references and index.
600 10 - SUBJECT ADDED ENTRY--PERSONAL NAME
Personal name Fernel, Jean,
Dates associated with a name 1497-1558.
650 #0 - SUBJECT ADDED ENTRY--TOPICAL TERM
Topical term or geographic name as entry element Life (Biology).
9 (RLIN) 26530
Topical term or geographic name as entry element Human beings.
9 (RLIN) 36562
Topical term or geographic name as entry element Mind and body.
9 (RLIN) 36563
830 #0 - SERIES ADDED ENTRY--UNIFORM TITLE
Volume number/sequential designation 1937-8
Uniform title Gifford lectures ;
942 ## - ADDED ENTRY ELEMENTS (KOHA)
Source of classification or shelving scheme Dewey Decimal Classification
Koha item type Books
Holdings
Lost status Source of classification or shelving scheme Damaged status Not for loan Collection code Permanent Location Current Location Shelving location Date acquired Source of acquisition Cost, normal purchase price Total Checkouts Full call number Date last seen Copy number Koha item type
  Dewey Decimal Classification     Non-fiction Central Library, University of Rajshahi Central Library, University of Rajshahi   13/01/1975 johanthan wren and co. 1.10   576.8 SHM 1963 27/01/2014 C-6 Books
  Dewey Decimal Classification   Not For Loan Non-fiction Central Library, University of Rajshahi Central Library, University of Rajshahi Reading Room 12/12/1962 Zeitlinger     576.8 SHM 1955 20/05/2017 C-1 Books